000 00421nam a22001817a 4500
999 _c11274
_d11274
003 OSt
008 220608b ||||| |||| 00| 0 eng d
020 _a9788170226604
082 _aBD232 CHH
100 _aCHILANA, M.R.
245 _aHuman Values : A Task for All
250 _a1st
260 _aNew Delhi
_bConcept Publication
_c2002
300 _a212
650 _aCSE
700 _aDEWAN, M.L.
942 _2ddc
_cBK